Statistics for I Can Guess Your European Country

Click here to take the quiz!

General Stats

  • This quiz has been taken 73 times
  • The average score is 2 of 45

Answer Stats

QuestionYour country is...% Correct
United Kingdom
26%
France
15%
Germany
15%
Is my second letter a vowel?Austria
11%
Greece
9%
Is their an N in my name?Croatia
7%
Norway
7%
Poland
7%
Does my capital come after N alphebetically?Belarus
6%
Is the second letter of my capital E, I, or O?Belgium
6%
Is their an R in my name?Bulgaria
6%
Denmark
6%
Luxembourg
6%
Romania
6%
Russia
6%
Switzerland
6%
Vatican City
6%
Is my first letter A-B, L-M, or S?Andorra
4%
Finland
4%
Hungary
4%
Iceland
4%
Ireland
4%
Italy
4%
Malta
4%
Montenegro
4%
Serbia
4%
Slovakia
4%
Spain
4%
Ukraine
4%
Am I in the European Union as of 2017?Albania
2%
Latvia
2%
Lithuania
2%
Macedonia
2%
Monaco
2%
Netherlands
2%
Portugal
2%
San Marino
2%
Sweden
2%
Is there an L in my name?Bosnia and Herzegovina
0%
Is my capital more than 8 letters long?Czech Republic
0%
Estonia
0%
Kosovo
0%
Liechtenstein
0%
Moldova
0%
Slovenia
0%

Score Distribution

Percentile by Number Answered

Percent of People with Each Score

Your Score History

You have not taken this quiz